000 00610nam a22001937a 4500
005 20251108172221.0
008 250721s1989 xx 000 0 ara d
082 1 4 _aط/ق/بو
100 1 _aبو، ادغار الان
245 1 0 _aجريمتا قتل في شارع موزع /
264 1 _aبغداد :
_bوزارة الثقافة و الإعلام،
_c1989.
300 _a114ص.
490 0 _aسلسلة الخيال
650 1 7 _aأدب الأطفال
653 _aناشئون كبار ( 15 - 18 سنة )
700 1 _aحسن، مها محمد
_eترجمة
942 _2ddc
_cBK
999 _c73380
_d73380